[Event "Druzynowe Mistrzostwa Polski - II liga"]
[Site "Dom Wczasowy VIS Jastrzebia Gora"]
[Date "1899-12-30"]
[Round "1.137"]
[White "Skawinski, Szymon"]
[Black "Pajak, Jakub"]
[Result "0-1"]
[WhiteTitle "I"]
[BlackTitle "I++"]
[WhiteElo "1641"]
[BlackElo "1896"]

1. e4 c5 2. c3 Nf6 3. e5 Nd5 4. Nf3 Nc6 5. d4 cxd4 6. cxd4 d6 7. Bc4 dxe5 8. Nxe5
e6 9. O-O Nxe5 10. dxe5 Nb6 11. Qxd8+ Kxd8 12. Bb3 Bd7 13. Rd1 Kc7 14. Nc3 Be7
15. Be3 Bc6 16. Rac1 Rad8 17. Nb5+ Kb8 18. Bxb6 Rxd1+ 19. Rxd1 Bxb5 20. Be3 b6
21. h3 Rc8 22. Kh2 h5 23. g3 Bc4 24. Bxc4 Rxc4 25. b3 Rc2 26. Rd2 Rxd2 27. Bxd2
Kb7 28. f4 Kc6 29. Kg2 Kd5 30. Kf3 Kd4 31. Ke2 Ke4 32. h4 b5 33. Be3 a6 34. Bb6
Ba3 35. Be3 Bb2 36. Bb6 Bc3 37. Be3 f6 38. exf6 gxf6 39. Bc5 e5 40. fxe5 fxe5
41. Bd6 Bd4 42. a4 Kf5 43. axb5 axb5 44. Kd3 Kg4 45. Ke4 Kxg3 46. Be7 Kg4 47.
Bf6 Bc3 48. Be7 Be1 49. Kxe5 Bxh4 50. Bc5 Be1 51. b4 h4 52. Kd5 h3 53. Bg1 Bxb4
54. Kc6 Kf3 55. Bh2 Kg2 56. Bf4 Be1 57. Kxb5 Bc3 0-1

[Event "Druzynowe Mistrzostwa Polski - II liga"]
[Site "Dom Wczasowy VIS Jastrzebia Gora"]
[Date "1899-12-30"]
[Round "1.138"]
[White "Baranska, Monika"]
[Black "Anyz, Monika"]
[Result "1-0"]
[WhiteTitle "I++"]
[BlackTitle "I++"]
[WhiteElo "1763"]
[BlackElo "1735"]

1. d4 c5 2. d5 Nf6 3. Nc3 d6 4. e4 g6 5. Bb5+ Bd7 6. Bc4 Bg7 7. Qe2 a6 8. a4 O-O
9. Nf3 e6 10. O-O exd5 11. Nxd5 Nxd5 12. Bxd5 Bc6 13. Rd1 Qe7 14. c3 Bxd5 15.
Rxd5 Nc6 16. Bf4 Rad8 17. Rad1 Ne5 18. Nxe5 Bxe5 19. Bxe5 dxe5 20. Qc4 Kg7 21.
h3 f6 22. Rxd8 Rxd8 23. Rxd8 Qxd8 24. Qxc5 Qd1+ 25. Kh2 Qxa4 26. Qe7+ Kh6 27.
Qxb7 Qc2 28. f3 Qd2 29. Qxa6 Qf4+ 30. Kg1 Qe3+ 31. Kf1 Qc1+ 32. Kf2 Qxb2+ 33.
Kg3 Qxc3 34. Qxf6 Qd4 35. h4 Qa1 36. Kg4 Qa3 37. Qxe5 Qa2 38. Kh3 Qb1 39. Kh2
Qe1 40. Qf6 Qe3 41. e5 Kh5 42. g4+ Kh6 43. Qf8# 1-0

[Event "Druzynowe Mistrzostwa Polski - II liga"]
[Site "Dom Wczasowy VIS Jastrzebia Gora"]
[Date "1899-12-30"]
[Round "2.1"]
[White "Pakleza, Zbigniew"]
[Black "Bebel, Arkadiusz"]
[Result "1/2-1/2"]
[WhiteTitle "GM"]
[BlackTitle "FM"]
[WhiteElo "2499"]
[BlackElo "2253"]

1. Nf3 Nf6 2. c4 g6 3. Nc3 Bg7 4. d4 O-O 5. Bg5 d6 6. e3 Nbd7 7. Be2 b6 8. Qc2
Bb7 9. O-O Re8 10. h3 e5 11. d5 a5 12. a3 Qe7 13. e4 Qf8 14. Nb5 Rec8 15. Nd2
c6 16. Nc3 Bh6 17. Bxf6 Nxf6 18. Rfd1 Ba6 19. Nf1 cxd5 20. cxd5 b5 21. Bd3 Qd8
22. Qe2 Qb6 23. Ng3 Bf4 24. Qf3 Kg7 25. Nge2 Bh6 26. h4 Rc7 1/2-1/2

[Event "Druzynowe Mistrzostwa Polski - II liga"]
[Site "Dom Wczasowy VIS Jastrzebia Gora"]
[Date "1899-12-30"]
[Round "2.2"]
[White "Solnicki, Michal"]
[Black "Czarnota, Pawel"]
[Result "0-1"]
[WhiteTitle "k"]
[BlackTitle "GM"]
[WhiteElo "2144"]
[BlackElo "2505"]

1. Nf3 d5 2. d4 Nf6 3. c4 e6 4. cxd5 exd5 5. Nc3 c6 6. Bg5 h6 7. Bh4 Bd6 8. e3
Bf5 9. Bd3 Bxd3 10. Qxd3 Nbd7 11. O-O O-O 12. Rfc1 Re8 13. Rab1 a5 14. Ne2 Qb8
15. Bg3 Ne4 16. Bxd6 Qxd6 17. Nd2 Nxd2 18. Qxd2 Nf6 19. Ng3 g6 20. Rc5 a4 21.
Ra5 h5 22. Rxa8 Rxa8 23. Nf1 Ne4 24. Qc2 Qb4 25. Rd1 Ra6 26. Nd2 Nxd2 27. Rxd2
Rb6 28. Kf1 Qa5 29. Qd3 Rb4 30. Rc2 Kg7 31. Qe2 Qc7 32. Kg1 Qe7 33. Qd3 Kh7 34.
Kf1 Rb5 35. Kg1 Qd6 36. Qe2 Kg7 37. Qd3 Qb4 38. Kf1 h4 39. h3 f5 40. Qd1 Qd6 41.
Kg1 Kf6 42. Qe2 Qd8 43. Kf1 Qb6 44. Qd2 Rb4 45. f4 Ke6 46. Ke1 Qb5 47. Qe2 Rc4
48. Kd1 Qb4 49. Rxc4 Qxc4 50. a3 b6 51. Qd2 Qf1+ 52. Kc2 Kd7 53. b4 Qc4+ 54. Qc3
b5 55. Kd2 Qa2+ 56. Ke1 Qxg2 57. Qc5 Qxh3 58. Qa7+ Ke6 59. Kd2 Qg2+ 60. Kd3 Qa2
61. Qh7 Qxa3+ 62. Ke2 Qxb4 63. Qxg6+ Ke7 64. Qh7+ Kd8 65. Qxf5 a3 66. Qe5 Kc8
67. Qe8+ Kc7 68. Qe5+ Qd6 69. Qh8 Kb7 70. Qh7+ Qc7 71. Qb1 h3 72. f5 a2 73. Qh1
Qf7 74. Qf1 h2 75. f6 Qh5+ 76. Kd2 h1=Q 0-1

[Event "Druzynowe Mistrzostwa Polski - II liga"]
[Site "Dom Wczasowy VIS Jastrzebia Gora"]
[Date "1899-12-30"]
[Round "2.3"]
[White "Turski, Bartlomiej"]
[Black "Zysko, Jan"]
[Result "1-0"]
[WhiteTitle "FM"]
[BlackTitle "k"]
[WhiteElo "2380"]
[BlackElo "2071"]

1. e4 c5 2. Nf3 d6 3. d4 cxd4 4. Nxd4 Nf6 5. Nc3 Nc6 6. Be3 Ng4 7. Bb5 Nxe3 8.
fxe3 Bd7 9. O-O e6 10. Bxc6 bxc6 11. e5 d5 12. Qf3 Qe7 13. b4 g6 14. b5 c5 15.
e4 Bg7 16. exd5 Bxe5 17. d6 Bxd4+ 18. Kh1 Qxd6 19. Qxa8+ Ke7 20. Qf3 f5 21. a4
Rd8 22. Rad1 Qc7 23. Rfe1 Bc8 24. Nd5+ Rxd5 25. Qxd5 Kf6 26. Qc4 Be5 27. Qh4+
Kg7 28. Rxe5 Qxe5 29. Qe7+ Kh6 30. Qf8+ 1-0

[Event "Druzynowe Mistrzostwa Polski - II liga"]
[Site "Dom Wczasowy VIS Jastrzebia Gora"]
[Date "1899-12-30"]
[Round "2.4"]
[White "Szwaj, Jacek"]
[Black "Kukula, Pawel"]
[Result "1/2-1/2"]
[WhiteTitle "I++"]
[BlackTitle "m"]
[WhiteElo "1893"]
[BlackElo "2133"]

1. Nf3 d5 2. g3 c6 3. Bg2 Bg4 4. d4 Nd7 5. Nbd2 Ngf6 6. c4 e6 7. Qb3 Qb6 8. Qxb6
axb6 9. O-O h6 10. h3 Bf5 11. b3 Ba3 12. Ne5 Nxe5 13. dxe5 Nd7 14. e4 dxe4 15.
Nxe4 Bxe4 16. Bxe4 Bxc1 17. Rfxc1 Nxe5 18. f4 Nd7 19. a4 Nc5 20. Bc2 O-O-O 21.
Rd1 Na6 22. Rac1 Nb4 23. Bb1 c5 24. Kf2 Nc6 25. Bc2 Kc7 26. Rxd8 Rxd8 27. Rd1
Nd4 28. Rd2 f5 29. Bd1 g5 30. Ke3 e5 31. fxg5 hxg5 32. h4 gxh4 33. gxh4 Rg8 34.
Rh2 Rg3+ 35. Kf2 f4 36. h5 e4 37. h6 e3+ 38. Kf1 f3 39. h7 e2+ 40. Bxe2 fxe2+
41. Rxe2 Rh3 42. Re7+ Kc6 43. Kg2 Rh4 44. Rf7 Nxb3 45. Rf6+ Kc7 46. Rf7+ Kb8 47.
Rf8+ Ka7 48. h8=Q Rxh8 49. Rxh8 Nd2 50. Rh4 Ka6 51. Kf2 Ka5 52. Ke2 Nb3 53. Kd3
Ka6 54. Ke4 1/2-1/2

[Event "Druzynowe Mistrzostwa Polski - II liga"]
[Site "Dom Wczasowy VIS Jastrzebia Gora"]
[Date "1899-12-30"]
[Round "2.6"]
[White "Chrzaszcz, Malvina"]
[Black "Majdan, Joanna"]
[Result "0-1"]
[WhiteTitle "k+"]
[BlackTitle "WGM"]
[WhiteElo "1968"]
[BlackElo "2307"]

1. e4 c5 2. Nc3 e6 3. Nf3 a6 4. a4 Qc7 5. Bc4 Nf6 6. d3 Nc6 7. O-O Be7 8. Bg5 O-O
9. Qe2 Ng4 10. g3 Bxg5 11. Nxg5 Nge5 12. f4 Nxc4 13. dxc4 f6 14. Nf3 Nd4 15. Qd3
Nxf3+ 16. Rxf3 b6 17. Rd1 f5 18. e5 Bb7 19. Rf2 Bc6 20. Qd6 Qa7 21. h3 Rf7 22.
Rdf1 Raf8 23. Kh2 h6 24. g4 Ba8 25. Rg1 fxg4 26. Rxg4 Qb7 27. Kg3 Rf5 28. Qe7
R8f7 29. Qd6 h5 30. Rh4 g5 31. Rxh5 gxf4+ 32. Kh4 Rxh5+ 33. Kxh5 Qh1 34. Qb8+
0-1

[Event "Druzynowe Mistrzostwa Polski - II liga"]
[Site "Dom Wczasowy VIS Jastrzebia Gora"]
[Date "1899-12-30"]
[Round "2.7"]
[White "Mondrzycki, Bartlomiej"]
[Black "Lubczynski, Rafal"]
[Result "1/2-1/2"]
[WhiteTitle "CM"]
[BlackTitle "IM"]
[WhiteElo "2220"]
[BlackElo "2413"]

1. d4 d5 2. c4 c6 3. Nf3 Nf6 4. Qb3 dxc4 5. Qxc4 Bf5 6. g3 e6 7. Bg2 Be7 8. O-O
O-O 9. Rd1 Nbd7 10. e3 Qc7 11. Nc3 Rfd8 12. Qe2 Ne4 13. Ne1 Nxc3 14. bxc3 e5 15.
e4 Be6 16. f4 f6 17. Nf3 Re8 18. Kh1 Kh8 1/2-1/2

[Event "Druzynowe Mistrzostwa Polski - II liga"]
[Site "Dom Wczasowy VIS Jastrzebia Gora"]
[Date "1899-12-30"]
[Round "2.9"]
[White "Dzikowski, Michal"]
[Black "Kuegel, Tobias"]
[Result "1/2-1/2"]
[WhiteTitle "k"]
[BlackTitle "FM"]
[WhiteElo "2084"]
[BlackElo "2297"]

1. d4 Nf6 2. Nf3 d5 3. g3 e6 4. Bg2 Be7 5. O-O O-O 6. c4 dxc4 7. Ne5 Nc6 8. Nxc6
bxc6 9. Na3 Bxa3 10. bxa3 Ba6 11. Bxc6 Rb8 12. Qa4 Rb6 13. Bd2 Qd6 14. Bf3 Nd5
15. Rfb1 Rfb8 16. Rxb6 Qxb6 17. Rc1 f5 18. Bxd5 exd5 19. Qd7 Qd6 20. Qxd6 cxd6
21. Bc3 Kf7 22. f4 Bc8 23. Kf2 Bd7 24. Ke3 Ba4 25. h3 Kf6 26. Kf3 Be8 27. e3 Bh5+
28. Kf2 Ke6 29. Rg1 Rb7 30. Rc1 Rb6 31. a4 Be8 32. a5 Rb7 33. Kf3 Ba4 34. Kf2
a6 35. Kf3 Be8 36. Kf2 Rb8 37. Kf3 Bh5+ 38. Kf2 Rb5 39. Rg1 Rb7 40. Rc1 h6 41.
Rg1 Be8 42. Rc1 Kf6 43. Kf3 h5 44. h4 Ba4 45. Ke2 Ke6 46. Kd2 Kd7 47. Ke2 Kc7
48. Kd2 Bd7 49. Rg1 Kc6 50. Rc1 Bc8 51. Kc2 Rb5 1/2-1/2

[Event "Druzynowe Mistrzostwa Polski - II liga"]
[Site "Dom Wczasowy VIS Jastrzebia Gora"]
[Date "1899-12-30"]
[Round "2.10"]
[White "Dubinski, Mateusz"]
[Black "Piotrowski, Przemyslaw"]
[Result "0-1"]
[WhiteTitle "FM"]
[BlackTitle "FM"]
[WhiteElo "2250"]
[BlackElo "2219"]

1. d4 g6 2. c4 Bg7 3. Nc3 Nf6 4. g3 O-O 5. Bg2 d6 6. Nf3 c5 7. d5 e6 8. O-O exd5
9. cxd5 Na6 10. e4 Bg4 11. h3 Bxf3 12. Bxf3 Qd7 13. Kg2 b5 14. a3 c4 15. Be3 Rac8
16. Bd4 Nc5 17. Bxf6 Bxf6 18. Bg4 Qb7 19. Bxc8 Rxc8 20. Qc2 a5 21. a4 Bxc3 22.
bxc3 Nxa4 23. Rxa4 bxa4 24. Qxa4 Qe7 25. f3 Rc5 26. Rd1 Kg7 27. Rd4 Qb7 28. Qc2
a4 29. Qf2 a3 30. Rd2 Rb5 31. e5 Rxd5 32. exd6 Rxd2 33. Qxd2 Qb2 34. Qxb2 axb2
35. d7 b1=Q 36. d8=Q Qc2+ 37. Kf1 Qxc3 38. Qd5 h5 39. h4 Qe3 40. Kg2 c3 41. Qc4
Qd2+ 0-1

[Event "Druzynowe Mistrzostwa Polski - II liga"]
[Site "Dom Wczasowy VIS Jastrzebia Gora"]
[Date "1899-12-30"]
[Round "2.11"]
[White "Suliborski, Jakub"]
[Black "Mazurkiewicz, Michal"]
[Result "1/2-1/2"]
[WhiteTitle "k"]
[BlackTitle "CM"]
[WhiteElo "2096"]
[BlackElo "2159"]

1. d4 Nf6 2. Nf3 g6 3. c4 Bg7 4. Nc3 O-O 5. e4 d6 6. Be2 e5 7. O-O Nc6 8. d5 Nb8
9. Ne1 a5 10. Nd3 Na6 11. Be3 Nd7 12. a3 Nac5 13. Qc2 f5 14. f3 b6 15. b4 Nxd3
16. Bxd3 fxe4 17. Nxe4 Nf6 18. Bg5 Bf5 1/2-1/2

[Event "Druzynowe Mistrzostwa Polski - II liga"]
[Site "Dom Wczasowy VIS Jastrzebia Gora"]
[Date "1899-12-30"]
[Round "2.12"]
[White "Krupa, Monika"]
[Black "Owczarek, Monika"]
[Result "1-0"]
[WhiteTitle "WGM"]
[BlackTitle "I"]
[WhiteElo "2140"]
[BlackElo "1453"]

1. e4 c5 2. Nf3 Nc6 3. Nc3 g6 4. d4 cxd4 5. Nxd4 Bg7 6. Be3 d6 7. Qd2 Nxd4 8. Bxd4
f6 9. Bc4 Nh6 10. O-O Nf7 11. f4 e5 12. Be3 Qc7 13. Bb3 O-O 14. Nb5 Qe7 15. Nxd6
Be6 16. Bxe6 Qxe6 17. Nxb7 exf4 18. Rxf4 Rfe8 19. Nc5 Qc6 20. Raf1 Ng5 21. Bd4
Ne6 22. Nxe6 Rxe6 23. Qc3 Rf8 24. Qb3 Kh8 25. Qd5 Qc8 26. R4f3 Rfe8 27. Bxf6 Bxf6
28. Rxf6 Rxf6 29. Qd4 Kg8 30. Qxf6 Rxe4 31. Qf7+ Kh8 32. Qxa7 Qe8 33. Qf7 1-0

[Event "Druzynowe Mistrzostwa Polski - II liga"]
[Site "Dom Wczasowy VIS Jastrzebia Gora"]
[Date "1899-12-30"]
[Round "2.13"]
[White "Kucza, Karol"]
[Black "Rudolf, Michal"]
[Result "1/2-1/2"]
[WhiteTitle "FM"]
[BlackTitle "FM"]
[WhiteElo "2329"]
[BlackElo "2328"]

1. e4 c6 2. d4 d5 3. Nc3 dxe4 4. Nxe4 Bf5 5. Ng3 Bg6 6. h4 h6 7. Nf3 e6 8. h5 Bh7
9. Bd3 Bxd3 10. Qxd3 Nf6 11. Bd2 c5 12. O-O-O Nc6 13. Bc3 Qd5 14. dxc5 Qxd3 15.
Rxd3 Bxc5 16. Bxf6 gxf6 17. Ne4 Be7 18. Rhd1 Rd8 19. Rxd8+ Nxd8 20. g3 1/2-1/2

[Event "Druzynowe Mistrzostwa Polski - II liga"]
[Site "Dom Wczasowy VIS Jastrzebia Gora"]
[Date "1899-12-30"]
[Round "2.14"]
[White "Markowski, Damian"]
[Black "Maciejczak, Jakub"]
[Result "0-1"]
[WhiteTitle "FM"]
[BlackTitle "FM"]
[WhiteElo "2186"]
[BlackElo "2374"]

1. e4 d6 2. d4 Nf6 3. Nc3 g6 4. Bf4 Bg7 5. Qd2 c6 6. Nf3 O-O 7. h3 Qa5 8. Bd3 Nbd7
9. Bh6 e5 10. Bxg7 Kxg7 11. Qg5 h6 12. Qd2 Re8 13. O-O-O b5 14. a3 b4 15. Nb1
c5 16. dxe5 dxe5 17. Qe2 Rb8 18. Nfd2 Qc7 19. Bb5 Re7 20. g3 Nf8 21. c3 Qb6 22.
a4 a6 23. Bd3 bxc3 24. Nc4 cxb2+ 25. Qxb2 Qc7 26. Qa3 Ne6 27. Nbd2 Nd4 28. Rdf1
Be6 29. f4 Bxc4 30. Nxc4 Rb3 31. fxe5 Nd7 32. Qa2 Rxd3 33. Rh2 Nxe5 0-1

[Event "Druzynowe Mistrzostwa Polski - II liga"]
[Site "Dom Wczasowy VIS Jastrzebia Gora"]
[Date "1899-12-30"]
[Round "2.15"]
[White "Malovanyi, Yulian"]
[Black "Warszawski, Bartosz"]
[Result "1-0"]
[WhiteTitle "FM"]
[BlackTitle "m"]
[WhiteElo "2310"]
[BlackElo "2163"]

1. e4 c5 2. Nc3 d6 3. Nge2 Nf6 4. g3 Nc6 5. Bg2 g6 6. O-O Bg7 7. d3 O-O 8. h3 Ne8
9. Be3 Nd4 10. f4 Rb8 11. a4 a6 12. Qd2 b5 13. axb5 axb5 14. Bxd4 cxd4 15. Nd5
e6 16. Nb4 Qb6 17. Kh2 Bb7 18. c3 dxc3 19. bxc3 Nc7 20. d4 f5 21. Qd3 Kh8 22.
Rab1 Ra8 23. g4 Ra3 24. gxf5 gxf5 25. exf5 Bxg2 26. Kxg2 exf5 27. Kh2 d5 28. Rb2
Bh6 29. Qf3 Qd6 30. Nd3 Rfa8 31. Ne5 Qe6 32. Rf2 Ra2 33. Ng3 Rxb2 34. Rxb2 Ra3
35. Re2 Qf6 36. Nh5 Qh4 37. Rg2 Qe7 38. Qg3 Qf8 39. Nd7 Qf7 40. Ne5 Qe6 41. Ng7
Qf6 42. Ne8 1-0

[Event "Druzynowe Mistrzostwa Polski - II liga"]
[Site "Dom Wczasowy VIS Jastrzebia Gora"]
[Date "1899-12-30"]
[Round "2.16"]
[White "Chalupnik, Marcin"]
[Black "Janaszak, Dawid"]
[Result "1/2-1/2"]
[WhiteTitle "k++"]
[BlackTitle "FM"]
[WhiteElo "2135"]
[BlackElo "2331"]

1. e4 c5 2. Nf3 Nc6 3. Nc3 e5 4. Bc4 d6 5. d3 Be7 6. O-O Nf6 7. Ng5 O-O 8. f4 Bg4
9. Qe1 exf4 10. Bxf4 Nd4 11. Qd2 Qd7 12. a4 a6 13. a5 Rae8 14. Kh1 Bd8 15. Be3
Ne6 16. Qf2 Nxg5 17. Bxg5 Be6 18. b3 h6 19. Bd2 Qc6 20. Qg3 Nh5 21. Qf3 Nf6 22.
Qg3 Nh5 23. Qf3 Nf6 1/2-1/2

[Event "Druzynowe Mistrzostwa Polski - II liga"]
[Site "Dom Wczasowy VIS Jastrzebia Gora"]
[Date "1899-12-30"]
[Round "2.17"]
[White "Dudzinski, Pawel"]
[Black "Rams, Michal"]
[Result "1/2-1/2"]
[WhiteTitle "FM"]
[BlackTitle "k+"]
[WhiteElo "2198"]
[BlackElo "2112"]

1. e4 e6 2. d3 d5 3. Nd2 Nf6 4. Ngf3 c5 5. g3 b6 6. Bg2 Bb7 7. O-O Nc6 8. Re1 Be7
9. e5 Nd7 10. Nf1 Qc7 11. Bf4 h6 12. h4 O-O-O 13. Qd2 Rdg8 14. N1h2 g5 15. hxg5
hxg5 16. Bxg5 Ndxe5 17. Bxe7 Nxf3+ 18. Nxf3 Qxe7 1/2-1/2

[Event "Druzynowe Mistrzostwa Polski - II liga"]
[Site "Dom Wczasowy VIS Jastrzebia Gora"]
[Date "1899-12-30"]
[Round "2.18"]
[White "Zajkowska, Olga"]
[Black "Czerwinska, Milena"]
[Result "0-1"]
[WhiteTitle "k"]
[BlackTitle "WFM"]
[WhiteElo "1836"]
[BlackElo "1972"]

1. d4 Nf6 2. c4 g6 3. Nc3 Bg7 4. e4 d6 5. f3 O-O 6. Bg5 c6 7. Qd2 a6 8. h4 b5 9.
a3 Nbd7 10. g4 Rb8 11. h5 b4 12. Nce2 bxa3 13. bxa3 Qb6 14. hxg6 fxg6 15. Nf4
Nxe4 16. fxe4 Bxd4 17. Ne6 Bxa1 18. Nxf8 Qb1+ 19. Qd1 Qxe4+ 20. Ne2 Rb1 21. Bc1
Nxf8 22. Rh3 Bxg4 23. Rg3 Bxe2 24. Bxe2 Bb2 0-1

[Event "Druzynowe Mistrzostwa Polski - II liga"]
[Site "Dom Wczasowy VIS Jastrzebia Gora"]
[Date "1899-12-30"]
[Round "2.19"]
[White "Zaskalski, Arkadiusz"]
[Black "Fiedorek, Michal"]
[Result "0-1"]
[WhiteTitle "k"]
[BlackTitle "FM"]
[WhiteElo "2154"]
[BlackElo "2257"]

1. c4 e5 2. Nc3 Bb4 3. g3 Bxc3 4. dxc3 d6 5. Bg2 Nc6 6. e4 Be6 7. Qe2 Nge7 8. Nf3
f6 9. Nd2 Qd7 10. Nf1 O-O 11. Ne3 Bh3 12. O-O Bxg2 13. Kxg2 f5 14. Nd5 Ng6 15.
exf5 Rxf5 16. Bd2 Nd8 17. Rae1 Ne6 18. Kg1 c6 19. Ne3 Rf7 20. Ng2 Re8 21. h4 Nc5
22. h5 Nf8 23. b4 Na4 24. Kh2 Qe6 25. Ne3 h6 26. f3 Nh7 27. g4 0-1

[Event "Druzynowe Mistrzostwa Polski - II liga"]
[Site "Dom Wczasowy VIS Jastrzebia Gora"]
[Date "1899-12-30"]
[Round "2.20"]
[White "Karpus, Michal"]
[Black "Mika, Tomasz"]
[Result "1-0"]
[WhiteTitle "FM"]
[BlackTitle "CM"]
[WhiteElo "2207"]
[BlackElo "2157"]

1. e4 c6 2. d4 d5 3. Nc3 dxe4 4. Nxe4 Bf5 5. Ng3 Bg6 6. h4 h6 7. Nf3 Nd7 8. h5
Bh7 9. Bd3 Bxd3 10. Qxd3 e6 11. Bd2 Ngf6 12. O-O-O Be7 13. Kb1 O-O 14. Ne4 c5
15. g4 Nxg4 16. Qe2 Qb6 17. Nh4 f5 18. Ng6 Rf7 19. f3 Ngf6 20. Nxe7+ Rxe7 21.
dxc5 Qc6 22. Nxf6+ Nxf6 23. Qg2 Kh8 24. Qg6 Qe8 25. Bc3 Qxg6 26. hxg6 e5 27. Rh4
f4 28. b4 Rae8 29. Kb2 Re6 30. a4 Ng8 31. Rh5 e4 32. fxe4 Rxg6 33. Rf5 Nf6 34.
e5 Ne4 35. Rd7 a5 36. Rxb7 axb4 37. Rxb4 Nxc5 38. Rfxf4 Rg2 39. Rfd4 Re2 40. Rbc4
Ne6 41. Re4 Rxe4 42. Rxe4 g5 43. a5 h5 44. Rb4 Kg7 45. Be1 h4 46. Rb7+ Kg6 47.
a6 h3 48. Bg3 Kf5 49. a7 Ra8 50. Bf2 g4 51. Rb8 Nc7 52. Rxa8 Nxa8 53. Bg3 Ke6
54. Kc3 Kd7 55. Kd4 Kc6 56. e6 Nb6 57. c4 1-0

[Event "Druzynowe Mistrzostwa Polski - II liga"]
[Site "Dom Wczasowy VIS Jastrzebia Gora"]
[Date "1899-12-30"]
[Round "2.21"]
[White "Markiewicz, Jerzy"]
[Black "Pacuszka, Tomasz"]
[Result "1-0"]
[WhiteTitle "FM"]
[BlackTitle "FM"]
[WhiteElo "2205"]
[BlackElo "2195"]

1. e4 c6 2. d4 d5 3. e5 Bf5 4. Nd2 e6 5. Nb3 Nd7 6. Nf3 a6 7. Be2 Ne7 8. O-O h6
9. Bd2 Bh7 10. a4 Nf5 11. a5 g5 12. Ne1 c5 13. c3 Qc7 14. f4 Be7 15. Bh5 Ng7 16.
Bxf7+ Kxf7 17. fxg5+ Ke8 18. gxh6 Nf5 19. Qh5+ Kd8 20. g4 Rg8 21. Ng2 cxd4 22.
gxf5 dxc3 23. Bxc3 1-0

[Event "Druzynowe Mistrzostwa Polski - II liga"]
[Site "Dom Wczasowy VIS Jastrzebia Gora"]
[Date "1899-12-30"]
[Round "2.22"]
[White "Krainski, Aleksander"]
[Black "Augustyn, Sebastian"]
[Result "1/2-1/2"]
[WhiteTitle "FM"]
[BlackTitle "k"]
[WhiteElo "2062"]
[BlackElo "2093"]

1. d4 Nf6 2. Nf3 c5 3. e3 g6 4. Be2 Bg7 5. O-O O-O 6. c4 cxd4 7. exd4 d5 8. c5
Ne4 9. Nc3 b6 10. cxb6 Nxc3 11. bxc3 Qxb6 12. Qb3 Rd8 13. Bg5 Nc6 14. Qa3 f6 15.
Be3 Qa5 16. Qxa5 Nxa5 17. Rab1 Bd7 18. Ba6 Bc8 19. Be2 Bd7 20. Ba6 Bc8 21. Be2
Bd7 1/2-1/2

[Event "Druzynowe Mistrzostwa Polski - II liga"]
[Site "Dom Wczasowy VIS Jastrzebia Gora"]
[Date "1899-12-30"]
[Round "2.23"]
[White "Markiewicz, Mateusz"]
[Black "Krainski, Slawomir"]
[Result "1/2-1/2"]
[WhiteTitle "I++"]
[BlackTitle "k"]
[WhiteElo "2048"]
[BlackElo "1982"]

1. e4 e6 2. d4 d5 3. exd5 exd5 4. Qf3 Nf6 5. h3 c5 6. dxc5 Bxc5 7. Bd3 O-O 8. Ne2
Nc6 9. O-O Ne5 10. Qg3 Nxd3 11. Qxd3 Qb6 12. Nbc3 Bd7 13. Bg5 d4 14. Bxf6 dxc3
15. Bxc3 Rad8 16. Qg3 f6 17. Rfd1 Bf5 18. Nf4 Bxc2 19. Rxd8 Rxd8 20. Rc1 Bf5 21.
Bxf6 Bxf2+ 22. Qxf2 Qxf6 23. Nh5 Qg5 24. Rc5 Qxh5 1/2-1/2

[Event "Druzynowe Mistrzostwa Polski - II liga"]
[Site "Dom Wczasowy VIS Jastrzebia Gora"]
[Date "1899-12-30"]
[Round "2.24"]
[White "Goraj, Barbara"]
[Black "Jalowiec, Halina"]
[Result "1-0"]
[WhiteTitle "WCM"]
[BlackTitle "WFM"]
[WhiteElo "2121"]
[BlackElo "1807"]

1. Nf3 c5 2. e4 a6 3. c4 Nc6 4. d4 cxd4 5. Nxd4 e5 6. Nf5 d6 7. Ne3 g6 8. Nc3 Bh6
9. Bd3 Be6 10. O-O Nf6 11. Kh1 O-O 12. Ned5 Bxc1 13. Rxc1 Rc8 14. Qd2 Kg7 15.
b3 Nh5 16. Be2 Nf6 17. Nxf6 Kxf6 18. Qh6 Ke7 19. f4 exf4 20. Rxf4 Ne5 21. Qxh7
Kd7 22. Qg7 Rg8 23. Qf6 Qxf6 24. Rxf6 Ke7 25. Rff1 Rh8 26. Kg1 Rh4 27. h3 g5 28.
Kf2 Rh7 29. Na4 Nd7 30. Ke3 Rh4 31. Bf3 b6 32. Rfd1 g4 33. hxg4 Bxg4 34. g3 Bxf3
35. gxh4 Bxd1 36. Rxd1 b5 37. Nc3 bxc4 38. Nd5+ Ke6 39. Rc1 Ne5 40. h5 f5 41.
Rc3 Rh8 42. bxc4 fxe4 43. Kxe4 Nd7 44. Rh3 Rh6 45. Kd4 Nc5 46. Ne3 Kd7 47. Ng4
Ne6+ 48. Ke4 Rh8 49. Rh2 Ke7 50. Ne3 Ng5+ 51. Kd5 Nf7 52. Nf5+ Kd7 53. Re2 Ne5
54. h6 Ng6 55. Rb2 Nf4+ 56. Ke4 Ne6 1-0

[Event "Druzynowe Mistrzostwa Polski - II liga"]
[Site "Dom Wczasowy VIS Jastrzebia Gora"]
[Date "1899-12-30"]
[Round "2.26"]
[White "Luberanski, Jakub"]
[Black "Jankowiak, Tomasz"]
[Result "1-0"]
[WhiteTitle "FM"]
[BlackTitle "k"]
[WhiteElo "2211"]
[BlackElo "2195"]

1. d4 d5 2. c4 e6 3. Nc3 c6 4. Nf3 dxc4 5. a4 Bb4 6. e3 b5 7. Bd2 a5 8. axb5 Bxc3
9. Bxc3 cxb5 10. b3 Bb7 11. bxc4 b4 12. Bb2 Nf6 13. Bd3 O-O 14. O-O Nbd7 15. Nd2
Qc7 16. Nf3 Qd8 17. Nd2 Qc7 1-0

[Event "Druzynowe Mistrzostwa Polski - II liga"]
[Site "Dom Wczasowy VIS Jastrzebia Gora"]
[Date "1899-12-30"]
[Round "2.27"]
[White "Jankowiak, Piotr"]
[Black "Perdek, Miroslaw"]
[Result "1-0"]
[WhiteTitle "k"]
[BlackTitle "FM"]
[WhiteElo "2046"]
[BlackElo "2214"]

1. d4 d5 2. Nf3 Nf6 3. c4 e6 4. e3 Be7 5. Nc3 O-O 6. Bd3 b6 7. O-O Bb7 8. b3 c5
9. Bb2 Nc6 10. cxd5 exd5 11. Rc1 cxd4 12. exd4 Re8 13. Re1 Bb4 14. Rxe8+ Qxe8
15. Nb5 Rc8 16. Ne5 a6 17. Bf5 1-0

[Event "Druzynowe Mistrzostwa Polski - II liga"]
[Site "Dom Wczasowy VIS Jastrzebia Gora"]
[Date "1899-12-30"]
[Round "2.28"]
[White "Madej, Marek"]
[Black "Grzeskow, Adrian"]
[Result "1-0"]
[WhiteTitle "I++"]
[BlackTitle "I+"]
[WhiteElo "2035"]
[BlackElo "1946"]

1. e4 c6 2. d4 d5 3. e5 Bf5 4. h4 h5 5. Bd3 Bxd3 6. Qxd3 e6 7. Nf3 Qc7 8. Bg5 c5
9. c3 Nc6 10. O-O Nge7 11. dxc5 Ng6 12. b4 Ngxe5 13. Nxe5 Qxe5 14. Na3 g6 15.
Nb5 a6 16. Rfe1 Qb8 17. Nd4 Ne7 18. Nxe6 fxe6 19. Rxe6 Rg8 20. Rae1 Rg7 21. Bf6
Rf7 22. Qxg6 Qc7 23. Bxe7 Bxe7 24. Rf6 O-O-O 25. Rxf7 1-0

[Event "Druzynowe Mistrzostwa Polski - II liga"]
[Site "Dom Wczasowy VIS Jastrzebia Gora"]
[Date "1899-12-30"]
[Round "2.32"]
[White "Kokoszczynski, Jan"]
[Black "Grabowski, Pawel"]
[Result "1-0"]
[WhiteTitle "FM"]
[BlackTitle "FM"]
[WhiteElo "2313"]
[BlackElo "2253"]

1. d4 Nf6 2. c4 g6 3. Nc3 Bg7 4. e4 d6 5. Nf3 O-O 6. h3 c6 7. Be3 a6 8. c5 b5 9.
cxb6 Qxb6 10. Qd2 a5 11. Be2 Ba6 12. O-O Bxe2 13. Qxe2 Na6 14. Rac1 Rfc8 15. Rfd1
Qb7 16. e5 Ne8 17. b3 Nb4 18. Bf4 Nd5 19. Nxd5 cxd5 20. exd6 Nxd6 21. Bxd6 exd6
22. Qd2 Rxc1 23. Rxc1 h6 24. h4 a4 25. b4 a3 26. Rb1 Qb5 27. Rb3 Kh7 28. g3 Qc4
29. Qe3 Rb8 30. b5 Rb6 31. Kg2 Qc2 32. Rc3 Qe4 33. Rxa3 Rxb5 34. Qd2 Rb4 1-0

[Event "Druzynowe Mistrzostwa Polski - II liga"]
[Site "Dom Wczasowy VIS Jastrzebia Gora"]
[Date "1899-12-30"]
[Round "2.33"]
[White "Dlugosz, Jedrzej"]
[Black "Flak, Pawel"]
[Result "1/2-1/2"]
[WhiteTitle "m"]
[BlackTitle "k+"]
[WhiteElo "2342"]
[BlackElo "2190"]

1. e4 Nf6 2. e5 Nd5 3. d4 d6 4. Nf3 Bg4 5. Be2 e6 6. O-O Be7 7. c4 Nb6 8. Nc3 O-O
9. Be3 Nc6 10. exd6 cxd6 11. d5 Bxf3 12. Bxf3 Ne5 13. dxe6 fxe6 14. Bg4 Rf6 15.
b3 Nxg4 16. Qxg4 Rg6 17. Qh3 Qc8 18. Rad1 Qc6 19. Ne2 d5 20. Nf4 Rf6 21. cxd5
Nxd5 22. Nxd5 exd5 23. Rc1 Qe6 24. Qxe6+ Rxe6 25. Rfd1 Rd8 26. Kf1 Rd7 27. Rd3
Bf6 28. Bxa7 Ra6 29. Be3 Rxa2 30. Rcd1 Rb2 31. Bc5 Kf7 32. b4 d4 33. Bxd4 Rxb4
34. Bxf6 Rxd3 35. Rxd3 Kxf6 36. Ke2 h6 37. Ke3 Ke5 38. Rd7 Rb3+ 39. Ke2 Kf6 40.
g3 b5 41. Rd6+ Kf5 42. h4 g6 43. f3 h5 44. g4+ Ke5 1/2-1/2